000 00680cab a2200229 4500
001 ABS49148
008 090401t1993 xxu||||| |||| 00| 0 eng d
035 _a(Sirsi) u70184
041 _aeng
100 _aSim, A.
245 _aSteering through the grants labyrinth
260 _c1993
350 _a0
490 _aField
_vSeptember 1993, 38-39(2)
520 _aExamines the major sources of grants for restoration work to older buildings. Includes a list of useful addresses.
650 _aHISTORIC BUILDINGS
650 _aLISTED BUILDINGS
650 _aLOCAL AUTHORITY (HISTORIC BUILDINGS) ACT 1962
690 _aCONSERVATION
942 _n0
948 _c04/03/1997
999 _c44153
_d44153